000
00192nam a22000857a 4500
008
161124b xxu||||| |||| 00| 0 eng d
100
_9
1409
_a
CBSE
245
_a
Entre Jeunes-IX
260
_a
CBSE
_c
2010
999
_c
4126
_d
4126